| 000 | 00846nam0a22002651 4500 | ||
|---|---|---|---|
| 001 | rc\439945 | ||
| 005 | 20260401152825.0 | ||
| 035 | _a(NLR Aleph) 005686193 | ||
| 090 |
_a7126770 _c7126770 |
||
| 100 | _a20030616d1988 u y0rusy50 ca | ||
| 101 | 0 | _arus | |
| 102 | _aRU | ||
| 105 | _aa ||||||||| | ||
| 200 | 1 | _aРациональное использование железорудных ресурсов | |
| 210 |
_aМ. _cНедра _d1988 |
||
| 215 |
_a204 с. _cил. _d21 |
||
| 320 | _aБиблиогр.: с. 201-202 | ||
| 700 | 1 |
_aЛукьянчиков _bН. Н. _gНиколай Никифорович |
|
| 701 | 1 |
_aГагут _bЛ. Д. _f1949- _gЛуиза Дмитриевна _3RU\NLR\AUTH\770291825 |
|
| 801 | 0 |
_aRU _bNLR _gpsbo |
|
| 801 | 1 |
_aRU _bELAR _2rusmarc |
|
| 852 |
_aNLR _j89-5/633 |
||
| 942 | _cBOOK | ||
| 980 | _aNB | ||